Rethinking language use in digital Africa : (Record no. 32488)

000 -LEADER
fixed length control field 00659nam a22001577a 4500
008 - FIXED-LENGTH DATA ELEMENTS--GENERAL INFORMATION
fixed length control field 260604b |||||||| |||| 00| 0 eng d
020 ## - INTERNATIONAL STANDARD BOOK NUMBER
International Standard Book Number 9781800412293
050 ## - LIBRARY OF CONGRESS CALL NUMBER
Classification number P115.5
Item number .R48 2021
245 ## - TITLE STATEMENT
Title Rethinking language use in digital Africa :
Remainder of title Technology and communication in Sub-Saharan Africa /
Statement of responsibility, etc. Leketi Makalela ...[et al.].
260 ## - PUBLICATION, DISTRIBUTION, ETC. (IMPRINT)
Place of publication, distribution, etc. Bristol,UK. :
Name of publisher, distributor, etc. Multilingual Matters ,
Date of publication, distribution, etc. 2021.
300 ## - PHYSICAL DESCRIPTION
Extent xviii,197p. :
Other physical details ill.;
Dimensions 23cm.
440 ## - SERIES STATEMENT/ADDED ENTRY--TITLE
Title New perspectives on language and education
504 ## - BIBLIOGRAPHY, ETC. NOTE
Bibliography, etc Includes bibliographical references and index
650 ## - SUBJECT ADDED ENTRY--TOPICAL TERM
Topical term or geographic name as entry element Multilingualiasm-Africa,Sub-Saharan
942 ## - ADDED ENTRY ELEMENTS (KOHA)
Source of classification or shelving scheme
Koha item type Hard Covered Materials
Classification part P115.5 .R48 2021
Holdings
Withdrawn status Lost status Source of classification or shelving scheme Damaged status Not for loan Home library Current library Shelving location Date acquired Source of acquisition Total Checkouts Full call number Barcode Date last seen Price effective from Koha item type
          MACHAKOS UNIVERSITY LIBRARY MACHAKOS UNIVERSITY LIBRARY Open shelf 21/05/2026 KNTCC   P115.5 .R48 2021 40454 04/06/2026 04/06/2026 Hard Covered Materials
          MACHAKOS UNIVERSITY LIBRARY MACHAKOS UNIVERSITY LIBRARY Open shelf 21/05/2026 KNTCC   P115.5 .R48 2021 40455 04/06/2026 04/06/2026 Hard Covered Materials
          MACHAKOS UNIVERSITY LIBRARY MACHAKOS UNIVERSITY LIBRARY Open shelf 21/05/2026 KNTCC   P115.5 .R48 2021 40456 04/06/2026 04/06/2026 Hard Covered Materials
© Machakos University Library, Along The Highway, Machakos Wote Rd, Machakos, Kenya P.O. Box 136 - 90100 Machakos - Kenya

Tel: ( +254 ) 723 805829 OR Fax : 044-20353 OR Email: library@mksu.ac.ke